Catálogo

Vista normal Vista MARC

Entrada Personal Name

Número de registros utilizados en: 3

001 - CONTROL NUMBER

  • control field: 12445

003 - CONTROL NUMBER IDENTIFIER

  • control field: DLC

005 - DATE AND TIME OF LATEST TRANSACTION

  • control field: 20220406092918.0

008 - FIXED-LENGTH DATA ELEMENTS

  • fixed length control field: 880831n| acannaabn |a aaa

010 ## - LIBRARY OF CONGRESS CONTROL NUMBER

  • LC control number: n 88056146

035 ## - SYSTEM CONTROL NUMBER

  • System control number: (OCoLC)oca02352172

040 ## - CATALOGING SOURCE

  • Original cataloging agency: DLC
  • Language of cataloging: spa
  • Transcribing agency: Mx-PuUPA
  • Modifying agency: OCoLC
  • Modifying agency: Mx-PuUPA
  • Description conventions: rda

046 ## - SPECIAL CODED DATES

  • Birth date: 1884
  • Death date: 1953

100 1# - HEADING--PERSONAL NAME

  • Personal name: Aguado Bleye, Pedro,
  • Dates associated with a name: 1884-1953

372 ## - FIELD OF ACTIVITY

  • Field of activity: Historia

374 ## - OCCUPATION

  • Occupation: Autor

375 ## - GENDER

  • Gender: hombre

377 ## - ASSOCIATED LANGUAGE

  • Language code: spa

400 1# - SEE FROM TRACING--PERSONAL NAME

  • Personal name: Bleye, Pedro Aguado,
  • Dates associated with a name: 1884-1953

670 ## - SOURCE DATA FOUND

  • Source citation: His Santa María de Salas en el siglo XIII, 1987?:
  • Information found: t.p. (Pedro Aguado Bleye) p. vii (b. 2-22-1884, Palencia; d. 11-15-1953, Bilbao)